000 00765nam a2200265Ia 4500
003 OSt
005 20220918164420.0
006 a|||||r|||| 00| 0
007 ta
008 220917b |||||||| |||| 00| 0 eng d
020 _a0571115012
024 _a30,623
037 _cTextual
040 _aARTS
_cARTS
_beng
041 _2eng
_aeng
082 _aO111,4NALx, L9
100 _aAldington Richard
_918801
245 0 _aLiterary lifelines ed by Ian S Macniven and Harry T Morre
260 _aLondon
_bFaber And Faber UK
_c1979
300 _axvii,236p.
_ccm.
650 _aENGLISH LITERATURE
700 _a Durrell Lawrence
_912694
942 _hO111,4NALx, L9
_cTEXL
_2CC
999 _c124666
_d124666